000 00291nam a2200121Ia 4500
005 20251222143127.0
008 251222s9999||||xx |||||||||||||| ||spa||
020 _a84-494-0692-7
082 _aREF.370.15/O28
245 0 _aEnciclopedia de PsicopedagogĂ­a:
264 _bOcéano
942 _cLIB
999 _c11760
_d11760